Crystal Palace Premier League XIs - Statistics

General Stats
  • This quiz has been taken 800 times
    11 since last reset
  • The average score is 27 of 89
Answer Stats
Answer % Correct
Dean Henderson
100%
Chris Richards
91%
Eberechi Eze
91%
Jean-Philippe Mateta
91%
Wilfried Zaha
91%
Daniel Muñoz
82%
Ismaïla Sarr
82%
Marc Guéhi
82%
Maxence Lacroix
82%
Michael Hughes
82%
Will Hughes
82%
Yéremy Pino
82%
Adam Wharton
73%
Jefferson Lerma
73%
Michael Olise
73%
Tyrick Mitchell
73%
Vicente Guaita
73%
Chieck Doucouré
55%
Christian Benteke
55%
Joachim Andersen
55%
Odsonne Édouard
55%
Andrew Johnson
45%
Jeffrey Schlupp
45%
Joel Ward
45%
Jordan Ayew
45%
Wayne Hennessey
45%
Aaron Wan-Bissaka
36%
Cheikhou Kouyaté
36%
James Tomkins
36%
Luka Milivojević
36%
Patrick van Aanholt
36%
Sam Johnstone
36%
Yannick Bolasie
36%
Conor Gallagher
27%
James McArthur
27%
Julián Speroni
27%
Aki Riihilahti
18%
Andros Townsend
18%
Damien Delaney
18%
Emerson Boyce
18%
Gábor Király
18%
Gareth Southgate
18%
Jason Puncheon
18%
Marc Edworthy
18%
Martin Kelly
18%
Mile Jedinak
18%
Neil Shipperley
18%
Nigel Martyn
18%
Scott Dann
18%
Tom Soares
18%
Tony Popovic
18%
Yohan Cabaye
18%
Adrian Mariappa
9%
Andy Roberts
9%
Andy Thorn
9%
Attilio Lombardo
9%
Bruce Dyer
9%
Chris Armstrong
9%
Chris Coleman
9%
Danny Granville
9%
Eddie McGoldrick
9%
Eric Young
9%
Fitz Hall
9%
Gary Cahill
9%
Hermann Hreiðarsson
9%
Jairo Riedewald
9%
Joe Ledley
9%
John Salako
9%
Joonas Kolkka
9%
Mamadou Sakho
9%
Marouane Chamakh
9%
Pape Souaré
9%
Paul Warhurst
9%
Richard Shaw
9%
Simon Osborn
9%
Simon Rodger
9%
Wayne Routledge
9%
Andy Linighan
0%
Andy Preece
0%
Cameron Jerome
0%
Danny Gabbidon
0%
Darren Patterson
0%
Darren Pitcher
0%
Dean Gordon
0%
Geoff Thomas
0%
John Humphrey
0%
Kagisho Dikgacoi
0%
Kevin Miller
0%
Ricky Newman
0%
No matching quizzes found
Score Distribution
Percent of People with Each Score
Percentile by Number Answered
Your Score History
You have not taken this quiz since the last reset